[Event "Karpenisi rapid op 12th"]
[Site "Karpenisi"]
[Date "2022.09.02"]
[Round "2"]
[White "Ntantais, Avraam"]
[Black "Stasinos, Panayotis"]
[Result "0-1"]
[WhiteElo "1598"]
[BlackElo "2135"]
[PlyCount "72"]
[EventDate "2022.09.02"]
[EventType "swiss (rapid)"]
[EventRounds "7"]
[EventCountry "GRE"]
[SourceTitle "EXT 2024"]
[Source "ChessBase"]
[SourceDate "2023.10.10"]
[SourceVersion "1"]
[SourceVersionDate "2023.10.10"]
[SourceQuality "1"]

1. c4 e6 2. Nc3 d5 3. cxd5 exd5 4. d4 Nf6 5. Bg5 Be7 6. Nf3 0-0 7. e3 h6 8. Bxf6 Bxf6 9. Bd3 c6 10. h3 Qe7 11. 0-0 Be6 12. a3 Nd7 13. b4 a5 14. Qb3 b5 15. Rfc1 Nb6 16. Qb2 axb4 17. axb4 Qb7 18. Nd2 Be7 19. e4 Na4 20. Nxa4 Rxa4 21. Rxa4 bxa4 22. Ra1 Qxb4 23. Qxb4 Bxb4 24. Nb1 Ra8 25. Na3 Bc3 26. Ra2 dxe4 27. Bc4 Bxc4 28. Nxc4 Bxd4 29. Kf1 Kf8 30. Ke2 Ke7 31. Nd2 f5 32. Nf1 Ke6 33. g4 g6 34. Ng3 Ke5 35. Kf1 a3 36. Ne2 Bb2 0-1